00932nam a2200253 i 4500003000900000005001700009007000300026008004100029020001800070040003000088041000800118082002500126100002700151245013700178264006600315300005500381336002700436337003200463338002800495500002200523504003200545600003700577651006400614DO-SdBNP20250623103715.0ta110411s2007 dr ac 001 0 spa d a9780786430727 aDO-SdBNPbspacBNPHUerda heng 4a972.93054bB742b2221 aBosch, Brian J.eautor10aBalaguer and the Dominican military :bpresidential control of the factional officer corps in the 1960s and 1970s /cBrian J. Bosch  aNorth Carolina, Estados Unidos :bMcFarland y company,c2007. a325 páginas :bilustraciones, retratos ;c23 cm. 2rdacontentatextobtxt 2rdamediaasinmediaciónbn 2rdacarrieravolumenbnc aIncluye índice. aBibliografía : p. 311-31710a Balaguer, Joaquín,d1906-2002 4aRepública DominicanaxFuerzas ArmadasxHistoriaySiglo XX